[Event "BI-2011-P-00007"]
[Site "LSS email"]
[Date "2011.04.17"]
[Round "?"]
[White "Blair, Matthew"]
[Black "Hermans, Marcel M"]
[Result "1/2-1/2"]
[WhiteElo "1801"]
[BlackElo "1917"]
[PlyCount "52"]
[EventDate "2011.04.20"]
[EventType "tourn (corr)"]
[EventRounds "10"]
[EventCountry "GER"]
[SourceTitle "Telechess CBM 151"]
[Source "ChessBase"]
[SourceDate "2012.11.13"]
[SourceVersion "1"]
[SourceVersionDate "2012.11.13"]
[SourceQuality "1"]

1. e4 Nf6 2. e5 Nd5 3. d4 d6 4. Nf3 dxe5 5. Nxe5 c6 6. Bc4 Nd7 7. Nf3 N7b6 8. Bb3 Bg4 9. h3 Bh5 10. g4 Bg6 11. Ne5 e6 12. c4 Nf6 13. Nc3 Bb4 14. 0-0 Nfd7 15. Nf3 c5 16. a3 Bxc3 17. bxc3 Rc8 18. Bg5 Qc7 19. d5 0-0 20. d6 Qc6 21. Be7 Rfe8 22. Re1 h6 23. Nh4 Bh7 24. f4 Rxe7 25. dxe7 Re8 26. Qd2 Rxe7 1/2-1/2

[Event "BI-2011-P-00007"]
[Site "LSS email"]
[Date "2011.04.17"]
[Round "?"]
[White "Hermans, Marcel M"]
[Black "Kratky, Josef"]
[Result "1-0"]
[WhiteElo "1917"]
[BlackElo "901"]
[PlyCount "45"]
[EventDate "2011.04.20"]
[EventType "tourn (corr)"]
[EventRounds "10"]
[EventCountry "GER"]
[SourceTitle "Telechess CBM 151"]
[Source "ChessBase"]
[SourceDate "2012.11.13"]
[SourceVersion "1"]
[SourceVersionDate "2012.11.13"]
[SourceQuality "1"]

1. d4 d5 2. Nf3 e6 3. e3 c5 4. c3 Nc6 5. Bd3 Nf6 6. Nbd2 Bd6 7. 0-0 0-0 8. dxc5 Bxc5 9. e4 d4 10. Nb3 b6 11. e5 Nd5 12. Bxh7+ Kxh7 13. Ng5+ Kg6 14. cxd4 Be7 15. Qc2+ f5 16. exf6+ Kxf6 17. Qxc6 Bd7 18. Qc2 Rh8 19. Qd3 Qe8 20. Qg3 Qb8 21. Qf3+ Kg6 22. Qf7+ Kh6 23. Nxe6+ 1-0

[Event "BI-2011-P-00007"]
[Site "LSS email"]
[Date "2011.04.17"]
[Round "?"]
[White "Hermans, Marcel M"]
[Black "Lauer, Fredric"]
[Result "1-0"]
[WhiteElo "1917"]
[BlackElo "1038"]
[PlyCount "30"]
[EventDate "2011.04.20"]
[EventType "tourn (corr)"]
[EventRounds "10"]
[EventCountry "GER"]
[SourceTitle "Corr 2015"]
[Source "ChessBase"]
[SourceDate "2015.07.17"]
[SourceVersion "1"]
[SourceVersionDate "2015.07.17"]
[SourceQuality "1"]

1. d4 e6 2. Nf3 d5 3. e3 c5 4. c3 Nc6 5. Bd3 cxd4 6. exd4 Nf6 7. 0-0 Bd6 8. Re1 0-0 9. Bg5 h6 10. Bh4 Be7 11. Nbd2 a6 12. Bc2 b5 13. Nb3 Qc7 14. Qd3 g6 15. Bg3 Ne4 1-0

[Event "BI-2011-P-00007"]
[Site "LSS email"]
[Date "2011.04.17"]
[Round "?"]
[White "Hermans, Marcel M"]
[Black "Martucci, Massimo"]
[Result "0-1"]
[WhiteElo "1917"]
[BlackElo "2005"]
[PlyCount "70"]
[EventDate "2011.04.20"]
[EventType "tourn (corr)"]
[EventRounds "10"]
[EventCountry "GER"]
[SourceTitle "Telechess CBM 151"]
[Source "ChessBase"]
[SourceDate "2012.11.13"]
[SourceVersion "1"]
[SourceVersionDate "2012.11.13"]
[SourceQuality "1"]

1. d4 Nf6 2. Bg5 c5 3. Bxf6 gxf6 4. e3 Qb6 5. Nc3 cxd4 6. exd4 Qxb2 7. Nge2 Nc6 8. Nd5 Kd8 9. Rb1 Qa3 10. Rb3 Qa5+ 11. Ndc3 e6 12. Rb5 Qc7 13. d5 Nb4 14. a3 Nxd5 15. Nxd5 exd5 16. Rb3 Bc5 17. g3 Qa5+ 18. c3 b6 19. Bg2 Ba6 20. 0-0 Re8 21. Re1 Bc4 22. Rb1 Rc8 23. Qd2 Rc6 24. Nf4 Rxe1+ 25. Qxe1 Bd6 26. Ne2 Be5 27. Qd2 Qxa3 28. Nd4 Bxd4 29. Qxd4 Qd6 30. Re1 Qc5 31. Qd2 a5 32. Bh3 a4 33. Qf4 Rd6 34. Qh6 Kc7 35. Qxh7 a3 0-1

[Event "BI-2011-P-00007"]
[Site "LSS email"]
[Date "2011.04.17"]
[Round "?"]
[White "Valdes Rodriguez, Edgar"]
[Black "Hermans, Marcel M"]
[Result "1/2-1/2"]
[WhiteElo "1394"]
[BlackElo "1917"]
[PlyCount "78"]
[EventDate "2011.04.20"]
[EventType "tourn (corr)"]
[EventRounds "10"]
[EventCountry "GER"]
[SourceTitle "Telechess CBM 151"]
[Source "ChessBase"]
[SourceDate "2012.11.13"]
[SourceVersion "1"]
[SourceVersionDate "2012.11.13"]
[SourceQuality "1"]

1. e4 Nf6 2. Nc3 d5 3. exd5 Nxd5 4. Nxd5 Qxd5 5. d4 Nc6 6. Be3 Bf5 7. Nf3 e6 8. Be2 Be7 9. 0-0 0-0 10. c4 Qd6 11. Bd3 Bg4 12. h3 Bh5 13. Be4 Rfd8 14. g4 Bg6 15. Bxg6 hxg6 16. Qd2 a6 17. Rad1 b5 18. b3 bxc4 19. bxc4 Qa3 20. Qe2 Re8 21. Rb1 Qd6 22. Rb7 Na5 23. Rb2 Rab8 24. Rfb1 Rxb2 25. Rxb2 c5 26. Bd2 Nc6 27. dxc5 Qxc5 28. Rb7 Nd4 29. Nxd4 Qxd4 30. Be3 Qe4 31. Rd7 Rb8 32. Rd1 Rb4 33. Rc1 Qc6 34. c5 a5 35. f3 Bf6 36. Kg2 Bd4 37. Bxd4 Rxd4 38. Qb2 Rd5 39. Qc3 e5 1/2-1/2

[Event "CP-2009-Q-00009"]
[Site "LSS email"]
[Date "2011.02.03"]
[Round "?"]
[White "Hermans, Marcel M"]
[Black "Jordan, Juergen"]
[Result "1/2-1/2"]
[WhiteElo "1918"]
[BlackElo "2144"]
[PlyCount "71"]
[EventDate "2011.02.05"]
[EventType "tourn (corr)"]
[EventRounds "6"]
[EventCountry "GER"]
[SourceTitle "Telechess CBM 155"]
[Source "ChessBase"]
[SourceDate "2013.07.16"]
[SourceVersion "1"]
[SourceVersionDate "2013.07.16"]
[SourceQuality "1"]

1. e4 c6 2. d4 d5 3. e5 Bf5 4. c4 e6 5. Nc3 Ne7 6. a3 Nd7 7. c5 Bg6 8. f4 Nf5 9. Nf3 Bh5 10. Be2 Be7 11. b4 0-0 12. Qd3 b5 13. 0-0 a5 14. Bb2 h6 15. Nd2 Bxe2 16. Nxe2 Qc7 17. Bc3 axb4 18. axb4 Rxa1 19. Rxa1 Qb7 20. Nb3 Ra8 21. Na5 Qc8 22. g4 Nh4 23. f5 exf5 24. gxf5 Nf8 25. Rf1 g6 26. Ng3 Bg5 27. Bd2 Nh7 28. Bxg5 Nxg5 29. Kh1 Ra7 30. Qb1 Qd7 31. Rf4 Nxf5 32. Nxf5 gxf5 33. Rxf5 Ne4 34. Rf4 Qe6 35. Qd1 f5 36. Qf3 1/2-1/2

[Event "LSS WC-2013-S-00012"]
[Site "LSS email"]
[Date "2010.08.13"]
[Round "?"]
[White "Hermans, Marcel M"]
[Black "Pascual Perez, Norge"]
[Result "0-1"]
[WhiteElo "1928"]
[BlackElo "2263"]
[PlyCount "48"]
[EventDate "2010.07.25"]
[EventType "tourn (corr)"]
[EventRounds "10"]
[EventCountry "GER"]
[SourceTitle "Telechess CBM 143"]
[Source "ChessBase"]
[SourceDate "2011.07.15"]
[SourceVersion "1"]
[SourceVersionDate "2011.07.15"]
[SourceQuality "1"]

1. d4 Nf6 2. Bg5 c5 3. Bxf6 gxf6 4. d5 Qb6 5. Qc1 f5 6. e3 Bg7 7. c3 Na6 8. Na3 Nc7 9. Bc4 e6 10. Qc2 Qa5 11. Nh3 b5 12. Be2 Nxd5 13. Nxb5 Ba6 14. Nd6+ Ke7 15. Nc4 Bxc4 16. Bxc4 Nxc3 17. 0-0 Na4 18. Rab1 Rab8 19. Nf4 Rxb2 20. Rxb2 Nxb2 21. Rc1 Rb8 22. h3 Nxc4 23. Qxc4 d6 24. Rd1 Rb4 0-1

[Event "CP-2008-Q-00003"]
[Site "LSS email"]
[Date "2010.01.10"]
[Round "?"]
[White "Hermans, Marcel M"]
[Black "Lombart, Philippe"]
[Result "1/2-1/2"]
[WhiteElo "1924"]
[BlackElo "1943"]
[PlyCount "39"]
[EventDate "2010.01.15"]
[EventType "tourn (corr)"]
[EventRounds "6"]
[EventCountry "GER"]
[SourceTitle "Corr 2013"]
[Source "ChessBase"]
[SourceDate "2012.11.12"]
[SourceVersion "1"]
[SourceVersionDate "2012.11.12"]
[SourceQuality "1"]

1. d4 d5 2. Nf3 Nf6 3. e3 Bf5 4. c4 c6 5. Nc3 e6 6. Nh4 Bg6 7. Nxg6 hxg6 8. Bd2 Nbd7 9. Rc1 Bd6 10. g3 Qe7 11. Qb3 Rb8 12. Bg2 0-0 13. 0-0 dxc4 14. Qxc4 e5 15. dxe5 Nxe5 16. Qe2 Rbd8 17. Rfd1 g5 18. Ne4 Nxe4 19. Bxe4 Bb4 20. Bxb4 1/2-1/2

[Event "CP-2008-Q-00003"]
[Site "LSS email"]
[Date "2010.01.10"]
[Round "?"]
[White "Hermans, Marcel M"]
[Black "Negyesy, Gyorgy"]
[Result "1-0"]
[WhiteElo "1938"]
[BlackElo "1891"]
[PlyCount "87"]
[EventDate "2010.01.15"]
[EventType "tourn (corr)"]
[EventRounds "6"]
[EventCountry "GER"]
[SourceTitle "Telechess CBM 141"]
[Source "ChessBase"]
[SourceDate "2011.03.17"]
[SourceVersion "1"]
[SourceVersionDate "2011.03.17"]
[SourceQuality "1"]

1. d4 Nf6 2. Nf3 d5 3. e3 c5 4. c3 e6 5. Bd3 Nc6 6. Nbd2 Bd6 7. 0-0 0-0 8. dxc5 Bxc5 9. e4 Qc7 10. Qe2 h6 11. Bc2 Bb6 12. Kh1 Rd8 13. h3 e5 14. exd5 Nxd5 15. Nc4 f6 16. Nxb6 Nxb6 17. Nh4 Nd5 18. Qe4 g5 19. Rd1 Be6 20. Nf5 Qh7 21. Qf3 Kh8 22. Be4 h5 23. Nd6 g4 24. Qe2 f5 25. Bxd5 Rxd6 26. Bxc6 Rxd1+ 27. Qxd1 bxc6 28. Qd6 Bd5 29. Qxe5+ Kg8 30. h4 Qg6 31. Be3 Re8 32. Qf4 a5 33. b3 Re4 34. Qg3 Qf6 35. Bf4 Re2 36. Kh2 Rc2 37. Be5 Qe7 38. c4 Be4 39. Rd1 Kf7 40. Bf4 Qa7 41. Be3 Qe7 42. Rd6 Rc3 43. Rh6 Kg7 44. Qb8 1-0

[Event "LSS ZI-2009-0-00489"]
[Site "LSS email"]
[Date "2009.08.29"]
[Round "?"]
[White "Kudryavtsev, Yaroslav Viktorovic"]
[Black "Hermans, Marcel M"]
[Result "1-0"]
[WhiteElo "1925"]
[BlackElo "1982"]
[PlyCount "43"]
[EventDate "2009.08.22"]
[EventType "match (corr)"]
[EventRounds "2"]
[EventCountry "GER"]
[SourceTitle "Corr 2011"]
[Source "ChessBase"]
[SourceDate "2010.08.31"]
[SourceVersion "1"]
[SourceVersionDate "2010.08.31"]
[SourceQuality "1"]

1. e4 Nf6 2. e5 Nd5 3. d4 d6 4. Nf3 dxe5 5. Nxe5 c6 6. Be2 Bf5 7. 0-0 Nd7 8. Nf3 e6 9. c4 Nb4 10. a3 Nc2 11. Ra2 Qf6 12. Nc3 e5 13. Bg5 Qg6 14. d5 Bg4 15. b4 Bxf3 16. Bxf3 Nd4 17. Be3 Nxf3+ 18. Qxf3 f5 19. dxc6 bxc6 20. Rd2 e4 21. Qf4 Be7 22. Qc7 1-0

[Event "IECC CL2-2007.09 email"]
[Site "IECC email"]
[Date "2007.05.29"]
[Round "?"]
[White "Hermans, Marcel M"]
[Black "Futida, Souitiro"]
[Result "0-1"]
[WhiteElo "2022"]
[BlackElo "2152"]
[PlyCount "102"]
[EventDate "2007.??.??"]
[EventType "tourn (corr)"]
[EventRounds "4"]
[SourceTitle "Corr 2011"]
[Source "ChessBase"]
[SourceDate "2010.08.31"]
[SourceVersion "1"]
[SourceVersionDate "2010.08.31"]
[SourceQuality "1"]
[WhiteTeam "Italy"]
[BlackTeam "Chile"]
[WhiteTeamCountry "ITA"]
[BlackTeamCountry "CHI"]

1. b4 e5 2. Bb2 Bxb4 3. Bxe5 Nf6 4. e3 Nc6 5. Bb2 0-0 6. Nf3 d5 7. Be2 Re8 8. 0-0 Qe7 9. c4 dxc4 10. Bxc4 Bg4 11. Be2 Bd6 12. Nc3 a6 13. d4 Rad8 14. Re1 Nb4 15. a3 Nbd5 16. Nxd5 Nxd5 17. Ne5 Bxe2 18. Qxe2 c6 19. Red1 Qe6 20. a4 a5 21. Rac1 Bc7 22. Nd3 Qg6 23. Qf3 Qd6 24. g3 Qg6 25. h4 h5 26. Nc5 f5 27. Kh1 Re7 28. Re1 Rf8 29. Ba3 f4 30. gxf4 Nxf4 31. Nd7 Rxd7 32. Bxf8 Nd3 33. Rg1 Qe6 34. Rcf1 Rf7 35. Rxg7+ Kxf8 36. Rxf7+ Qxf7 37. Kg2 Bd8 38. Qxf7+ Kxf7 39. f4 b5 40. d5 bxa4 41. dxc6 Ke7 42. Kf3 Nc5 43. Rd1 a3 44. Rd2 a4 45. e4 Ba5 46. Ra2 Bc3 47. Rxa3 Bb2 48. Ra2 a3 49. f5 Nd3 50. f6+ Kd6 51. Ke3 Ne5 0-1

[Event "IECC CL2-2007.09 email"]
[Site "IECC email"]
[Date "2007.05.29"]
[Round "?"]
[White "Stilman, Eduardo"]
[Black "Hermans, Marcel M"]
[Result "1/2-1/2"]
[WhiteElo "1955"]
[BlackElo "2024"]
[PlyCount "58"]
[EventDate "2007.??.??"]
[EventType "tourn (corr)"]
[EventRounds "4"]
[SourceTitle "Corr 2011"]
[Source "ChessBase"]
[SourceDate "2010.08.31"]
[SourceVersion "1"]
[SourceVersionDate "2010.08.31"]
[SourceQuality "1"]
[WhiteTeam "Italy"]
[BlackTeam "Chile"]
[WhiteTeamCountry "ITA"]
[BlackTeamCountry "CHI"]

1. e4 c5 2. Ne2 Nc6 3. Nbc3 Nd4 4. d3 d6 5. Nxd4 cxd4 6. Ne2 e5 7. c3 dxc3 8. Nxc3 Nf6 9. d4 Bd7 10. Bc4 Be7 11. Be3 0-0 12. Be2 Rc8 13. 0-0 Qa5 14. Rc1 Bd8 15. Rb1 Rxc3 16. bxc3 Nxe4 17. dxe5 Nxc3 18. Bd2 Nxe2+ 19. Qxe2 Qd5 20. exd6 Bc6 21. f3 Re8 22. Qf2 Qxd6 23. Rfe1 Rxe1+ 24. Rxe1 Bc7 25. f4 h6 26. Be3 Qd5 27. Re2 Qd3 28. h3 a5 29. Re1 Qd5 1/2-1/2

[Event "IECG WC.2009.S.00001 email"]
[Site "IECG email"]
[Date "2006.09.09"]
[Round "?"]
[White "Hermans, Marcel M"]
[Black "Parrilla, Antonio"]
[Result "1-0"]
[WhiteElo "2003"]
[BlackElo "2015"]
[PlyCount "111"]
[EventDate "2006.09.09"]
[EventType "tourn (corr)"]
[EventRounds "6"]
[SourceTitle "Corr 2011"]
[Source "ChessBase"]
[SourceDate "2010.08.31"]
[SourceVersion "1"]
[SourceVersionDate "2010.08.31"]
[SourceQuality "1"]

1. d4 Nf6 2. Nf3 g6 3. Nbd2 Bg7 4. e4 d6 5. Bd3 Nbd7 6. 0-0 e5 7. c3 0-0 8. Re1 b6 9. Nf1 Bb7 10. Ng3 Re8 11. Bd2 exd4 12. cxd4 c5 13. d5 Ng4 14. Bc3 a6 15. Bxg7 Kxg7 16. Qd2 b5 17. b3 Qf6 18. Be2 Nde5 19. Rf1 Nxf3+ 20. Bxf3 Ne5 21. Be2 Nd7 22. a4 b4 23. Rac1 Qh4 24. a5 Qd8 25. Ra1 Qh4 26. f4 Rab8 27. Bc4 Nf6 28. Qd3 Ra8 29. Rae1 Rad8 30. h3 Ra8 31. Re3 Nd7 32. Qe2 f6 33. Nh1 Re7 34. Rff3 Qh6 35. Nf2 Kh8 36. Bd3 Qf8 37. Ng4 Qg7 38. Bc4 Rf7 39. e5 fxe5 40. fxe5 Rxf3 41. gxf3 h5 42. e6 Nf6 43. Nxf6 Qxf6 44. Qg2 Kg7 45. Qg3 Qd4 46. Qg5 Re8 47. h4 Qd1+ 48. Kh2 Qd2+ 49. Kg3 Qc1 50. Re2 Qa1 51. Kh2 Qf6 52. Qg3 Bc8 53. Rg2 Rh8 54. Bd3 Rh6 55. f4 Bb7 56. Be4 1-0

[Event "IECG WC.2005.F.00008 email"]
[Site "IECG email"]
[Date "2006.06.05"]
[Round "?"]
[White "Hermans, Marcel M"]
[Black "Keller, Thomas L"]
[Result "1-0"]
[WhiteElo "2003"]
[BlackElo "1911"]
[PlyCount "77"]
[EventDate "2006.06.05"]
[EventType "tourn (corr)"]
[EventRounds "14"]
[SourceTitle "Corr 2008"]
[Source "ChessBase"]
[SourceDate "2008.06.24"]
[SourceVersion "1"]
[SourceVersionDate "2008.06.24"]
[SourceQuality "1"]

1. d4 Nf6 2. Nf3 e6 3. e3 b6 4. Bd3 Bb7 5. Nbd2 c5 6. 0-0 d5 7. c3 Bd6 8. dxc5 bxc5 9. c4 Qc7 10. cxd5 exd5 11. b3 0-0 12. Bb2 Nbd7 13. Qc2 Rfe8 14. Rfd1 Ne4 15. Rac1 Ndf6 16. h3 Rac8 17. Bxe4 Nxe4 18. Nxe4 Rxe4 19. Ng5 Rh4 20. Qf5 Re8 21. b4 c4 22. Nf3 Rh6 23. b5 Rhe6 24. a4 f6 25. Bd4 Ba8 26. Rb1 Re4 27. Bc3 R4e7 28. Nd4 Re5 29. Qf3 Re4 30. a5 Bc5 31. Rd2 Bb7 32. b6 axb6 33. axb6 Qd7 34. Ra2 Bd6 35. Qf5 Qf7 36. Nb5 Bb8 37. Bd4 Bc8 38. Qf3 Bb7 39. Rba1 1-0

[Event "IECG WC.2005.F.00008 email"]
[Site "IECG email"]
[Date "2006.06.05"]
[Round "?"]
[White "Hermans, Marcel M"]
[Black "Lautenbach, Aljoscha"]
[Result "1/2-1/2"]
[WhiteElo "2003"]
[BlackElo "1760"]
[PlyCount "48"]
[EventDate "2006.06.05"]
[EventType "tourn (corr)"]
[EventRounds "14"]
[SourceTitle "Corr 2008"]
[Source "ChessBase"]
[SourceDate "2008.06.24"]
[SourceVersion "1"]
[SourceVersionDate "2008.06.24"]
[SourceQuality "1"]

1. d4 Nf6 2. Nf3 e6 3. e3 c5 4. Bd3 d5 5. c3 Nc6 6. Nbd2 Bd6 7. 0-0 0-0 8. dxc5 Bxc5 9. e4 Qc7 10. Qe2 h6 11. Bc2 b6 12. exd5 exd5 13. Nb3 Re8 14. Qd1 Ba6 15. Bd3 Bxd3 16. Qxd3 Ne5 17. Nxe5 Qxe5 18. Bd2 Qe2 19. Qf5 Ne4 20. Rae1 Qd3 21. Nxc5 Qxd2 22. Nxe4 dxe4 23. Rxe4 Qxb2 24. Rxe8+ Rxe8 1/2-1/2

[Event "IECG WC.2005.F.00008 email"]
[Site "IECG email"]
[Date "2006.06.05"]
[Round "?"]
[White "Laczay, Istvan"]
[Black "Hermans, Marcel M"]
[Result "1/2-1/2"]
[WhiteElo "1888"]
[BlackElo "2003"]
[PlyCount "62"]
[EventDate "2006.06.05"]
[EventType "tourn (corr)"]
[EventRounds "14"]
[SourceTitle "Corr 2008"]
[Source "ChessBase"]
[SourceDate "2008.06.24"]
[SourceVersion "1"]
[SourceVersionDate "2008.06.24"]
[SourceQuality "1"]

1. d4 e6 2. c4 f5 3. Nc3 Nf6 4. e3 b6 5. Bd3 Bb7 6. f3 Be7 7. Nge2 0-0 8. 0-0 Qe8 9. Qc2 c5 10. Nb5 Qd8 11. d5 exd5 12. cxd5 Bxd5 13. Nf4 Bf7 14. Bxf5 a6 15. Nc3 Nc6 16. Rd1 Qc7 17. Ne4 g6 18. Nxf6+ Bxf6 19. Rxd7 Qe5 20. Rxf7 Rxf7 21. Be6 Raf8 22. Qa4 Bg5 23. Bxf7+ Rxf7 24. Nd3 Bxe3+ 25. Kh1 Qd4 26. Qxc6 Bxc1 27. Rxc1 Qxd3 28. Qxb6 Rxf3 29. Qe6+ Rf7 30. Qc8+ Rf8 31. Qxc5 Rf1+ 1/2-1/2

[Event "IECG QB.2005.0.00067"]
[Site "IECG email"]
[Date "2005.06.03"]
[Round "?"]
[White "Hermans, Marcel M"]
[Black "Aalderink, Gerwin"]
[Result "1-0"]
[WhiteElo "1989"]
[BlackElo "1998"]
[PlyCount "89"]
[EventDate "2005.06.03"]
[EventType "tourn (corr)"]
[EventRounds "6"]
[SourceTitle "Corr 2008"]
[Source "ChessBase"]
[SourceDate "2008.06.24"]
[SourceVersion "1"]
[SourceVersionDate "2008.06.24"]
[SourceQuality "1"]

1. d4 d5 2. c4 c6 3. Nc3 Nf6 4. Bg5 e6 5. e3 Nbd7 6. Nf3 Qa5 7. Nd2 Bb4 8. Bxf6 Nxf6 9. Qc2 0-0 10. Bd3 Qc7 11. Rc1 e5 12. dxe5 Qxe5 13. cxd5 cxd5 14. Nf3 Qh5 15. 0-0 Bg4 16. Be2 Rac8 17. h3 Bxc3 18. bxc3 Be6 19. Nd4 Qg5 20. Bd3 Rfe8 21. Nxe6 fxe6 22. Qa4 a6 23. c4 dxc4 24. Bxc4 Qf5 25. Qb3 Rb8 26. Bd3 Qe5 27. Rfd1 b5 28. Rc6 a5 29. a3 b4 30. axb4 Rxb4 31. Qa3 Reb8 32. Rdc1 Rd8 33. Rc8 Rb8 34. R1c5 Qd6 35. Rxb8 Qxb8 36. Rxa5 Kh8 37. Be2 h6 38. Qe7 Rc8 39. g3 Re8 40. Qf7 e5 41. Ra7 Rg8 42. Bd3 e4 43. Bc4 Qd6 44. Ra6 Qd1+ 45. Kh2 1-0

[Event "IECG WC.2009.P.00021"]
[Site "IECG email"]
[Date "2005.02.28"]
[Round "?"]
[White "Hermans, Marcel M"]
[Black "Topot, Iwan"]
[Result "1/2-1/2"]
[WhiteElo "2005"]
[BlackElo "1492"]
[PlyCount "49"]
[EventDate "2005.02.28"]
[EventType "tourn (corr)"]
[EventRounds "6"]
[SourceTitle "Corr 2008"]
[Source "ChessBase"]
[SourceDate "2008.06.24"]
[SourceVersion "1"]
[SourceVersionDate "2008.06.24"]
[SourceQuality "1"]

1. d4 f5 2. g3 Nf6 3. Bg2 e6 4. Nf3 Be7 5. 0-0 0-0 6. c4 d5 7. b3 c6 8. Ba3 Nbd7 9. Qc1 Ne4 10. e3 Bxa3 11. Nxa3 Qe7 12. Nc2 b6 13. Nce1 Bb7 14. Nd3 c5 15. Nfe5 Nxe5 16. Nxe5 Ng5 17. f4 Nf7 18. Nxf7 Rxf7 19. dxc5 Qxc5 20. cxd5 Qe7 21. Rd1 Rc8 22. Qd2 Bxd5 23. Rac1 Rxc1 24. Rxc1 Bxg2 25. Rc8+ 1/2-1/2